000 00578nam a2200205 a 4500
001 BRCA_5688
005 20190320205200.0
008 020311t1850----mx-#######---#000-f#spa-#
041 _aspa
044 _amx
050 4 _aPQ2231
_b.D86 1850
100 1 _aDumas, Alejandro
_d1802-1870
_qDumas, Alexandre
_914449
245 1 0 _aMil y un fantasmas
_cAlejandro Dumas ; obra traducida por Manuel L. Daroca.
260 _aMéxico
_bVicente G. Torres
_c1850
300 _a3 v.
_c17 cm.
500 _aH9
700 1 _aL. y Daroca, Manuel
_etr.
_914450
902 _aGFM
942 _2lcc
_cB
999 _c5381
_d5381